000 00746nas a2200253 4500
001 BR2016002315
003 BR-BrBNA
005 20231205130358.0
007 ta
008 230509b bl.|||p| |||| 00| 00por d
040 _aBR-BrBNA
_bpor
_cBiblioteca Nacional de Agricultura
041 _a(Pt)
072 _aK10
100 1 _aDobner Junior, M.
100 1 _aSeitz, R.A.
245 1 _aIntensidade ótima de poda em Eucalyptus dunnii para a produção de madeira livre de nós
650 _aEUCALIPTO
650 _aFLORESTA
650 _aMANEJO
650 _aPODA
773 0 _tFloresta (Brazil)
_xISSN 0015-3826
_g(Oct-Dec 2015), v. 45(4) p. 791-796
_wBR2016002315
909 _a202311
_bLúcia
_c55
_dLúcia Elande
942 _2AGRIS
_n0
_cANA
999 _c249132
_d249132